Práctica muy eficaz para conseguir singularísimas gracias en todos los jueves del año, si se puede, encendiendo una vela...

Detalles Bibliográficos
Autor principal: ORCILLEZ, Pedro José (Fray)
Formato: Libro
Publicado: Toluca 1836
Materias:
Colección:Banco de datos
Acervo:Biblioteca del Convento de Santa Mónica de la Ciudad de Puebla. Puebla
Tema general:Ascética
Notas:Buena. I3, 5.
LEADER 00695nam a22001930004500
035 |a 51688 
036 |a 1456 
100 1 |a ORCILLEZ, Pedro José (Fray) 
245 1 0 |a Práctica muy eficaz para conseguir singularísimas gracias en todos los jueves del año, si se puede, encendiendo una vela... 
260 |a Toluca  |b imp. Juan Matute  |c 1836 
500 |a Buena. I3, 5. 
650 1 0 |a Ascética 
949 |a CRP-SM 
959 |a Ex convento de Santa Mónica. Puebla, Puebla  |b CCC5 
960 |a Convento de Santa Mónica de la ciudad de Puebla  |b DD88 
961 |a Franciscana  |b OF 
942 |c CRP-SM 
943 |g Biblioteca del Convento de Santa Mónica de la Ciudad de Puebla. Puebla 
999 |c 962026  |d 962026